000 00277nam a2200109Ia 4500
008 220204s9999 xx 000 0 und d
082 _a82-3
_bMOR
245 0 _aMore tales from Shakespeare
260 _aS Chand
490 _aGreat Stories in Easy English S E Paces
942 _cBK
999 _c35513
_d35513